The cultural side of Islam / (Record no. 20191)
[ view plain ]
| 000 -LEADER | |
|---|---|
| fixed length control field | 00903cam a2200277 a 4500 |
| 001 - CONTROL NUMBER | |
| control field | 2876662 |
| 003 - CONTROL NUMBER IDENTIFIER | |
| control field | BDDh-ASL |
| 005 - DATE AND TIME OF LATEST TRANSACTION | |
| control field | 20231015025845.0 |
| 008 - FIXED-LENGTH DATA ELEMENTS--GENERAL INFORMATION | |
| fixed length control field | 861125r19821984pk 000 0 eng |
| 010 ## - LIBRARY OF CONGRESS CONTROL NUMBER | |
| LC control number | 85931947 |
| 020 ## - INTERNATIONAL STANDARD BOOK NUMBER | |
| Terms of availability | Rs90.00 |
| 040 ## - CATALOGING SOURCE | |
| Original cataloging agency | DLC |
| Transcribing agency | DLC |
| Modifying agency | DLC |
| -- | BDDh-ASL |
| 050 00 - LIBRARY OF CONGRESS CALL NUMBER | |
| Classification number | BP161 |
| Item number | .P53 1984 |
| 082 00 - DEWEY DECIMAL CLASSIFICATION NUMBER | |
| Classification number | 297.197 |
| Edition number | 19 |
| Item number | PIC |
| 100 1# - MAIN ENTRY--PERSONAL NAME | |
| Personal name | Pickthall, Marmaduke William, |
| Dates associated with a name | 1875-1936. |
| 245 14 - TITLE STATEMENT | |
| Title | The cultural side of Islam / |
| Statement of responsibility, etc. | by Muhammad Marmaduke Picthall. |
| 260 ## - PUBLICATION, DISTRIBUTION, ETC. | |
| Place of publication, distribution, etc. | Lahore, Pakistan : |
| Name of publisher, distributor, etc. | Qadiria Book Traders, |
| Date of publication, distribution, etc. | 1982. |
| 300 ## - PHYSICAL DESCRIPTION | |
| Extent | 193 p. ; |
| Dimensions | 22 cm. |
| 500 ## - GENERAL NOTE | |
| General note | Reprint. |
| 500 ## - GENERAL NOTE | |
| General note | "Madras lectures on Islam delivered at Madras in January 1927." |
| 500 ## - GENERAL NOTE | |
| General note | Limited edition of 250 copies. |
| 650 #0 - SUBJECT ADDED ENTRY--TOPICAL TERM | |
| Topical term or geographic name entry element | Islam |
| General subdivision | Essence, genius, nature. |
| 650 #0 - SUBJECT ADDED ENTRY--TOPICAL TERM | |
| Topical term or geographic name entry element | Islamic civilization |
| Form subdivision | Miscellanea. |
| 906 ## - LOCAL DATA ELEMENT F, LDF (RLIN) | |
| a | 7 |
| b | cbc |
| c | orignew |
| d | 3 |
| e | ncip |
| f | 19 |
| g | y-gencatlg |
| 942 ## - ADDED ENTRY ELEMENTS (KOHA) | |
| Source of classification or shelving scheme | Dewey Decimal Classification |
| Koha item type | Books |
| Withdrawn status | Lost status | Source of classification or shelving scheme | Damaged status | Not for loan | Collection code | Home library | Current library | Shelving location | Date acquired | Source of acquisition | Total Checkouts | Full call number | Barcode | Date last seen | Copy number | Price effective from | Koha item type |
|---|---|---|---|---|---|---|---|---|---|---|---|---|---|---|---|---|---|
| Dewey Decimal Classification | Non-fiction | Asiatic Society Library | Asiatic Society Library | General Stacks | 12/27/2020 | ASB Collection | 297.197 PIC | 103600 | 12/27/2020 | C-1 | 12/27/2020 | Books |